000 02031nam0a2200397 4500
001 RU\NLR\bibl\1802344
005 20260407103416.0
010 _a978-5-7142-1310-6
_9200
_bв пер.
021 _aRU
_b2011-57034
_94041
035 _a(nilc)RSL-KNO-004978633
035 _a(NLR Aleph) 001793000
090 _a1768150
_c1768150
100 _a20110725d2011 |||y0rusy50 ca
101 0 _arus
102 _aRU
105 _aa zzzz|||||
200 1 _aМедицинские и психолого-педагогические проблемы сохранения здоровья человека
_eтруды Всероссийской научно-практической конференции (заочная форма проведения)
210 _aТюмень
_cШадринский дом печати
_d2011
215 _a110 с.
_cил.
_d21
300 _aВ надзаг.: Российская акад. мед. наук, Сибирское отд-ние, ФГУ Науч. центр профилактического и лечебного питания Тюменского науч. центра СО РАМН, ГОУ ВПО Тюменский гос. ун-т
320 _aБиблиогр. в конце докл.
606 1 _aМедицина
_jСъезды, совещания и т.п.
_9892737
_3RU\NLR\auth\662895
606 1 _aВоспитание здорового образа жизни
_jСъезды, совещания и т.п.
_92490284
_3RU\NLR\auth\661477679
610 0 _aздоровая психика
686 _aР.я431(2)
_2rubbk
686 _aЮ948.1-8я321(2)
_2rubbk
686 _aР.я431(2)
686 _aЧ313.54я431
712 0 2 _4570
_aНаучный центр профилактического и лечебного питания
_cТюмень
_9618358
_3RU\NLR\AUTH\8810058573
801 0 _aRU
_bRuMoRKP
_c20110725
_grcr
801 1 _aRU
_bRuMoRGB
_c20110725
801 2 _aRU
_bNLR
_c20110826
_grcr
942 _cBOOK
980 _aNB
980 _aNBR